书目信息 |
| 题名: |
意识心理学
|
|
| 作者: | 霍涌泉 著 | |
| 分册: | ||
| 出版信息: | 上海 上海教育出版社 2006 |
|
| 页数: | 22,359页 | |
| 开本: | 21cm | |
| 丛书名: | 心理学新进展丛书 | |
| 单 册: | ||
| 中图分类: | B842.7 , B84 | |
| 科图分类: | ||
| 主题词: | 意识--心理学 , 意识 , 心理学 | |
| 电子资源: | ||
| ISBN: | 7-5444-0730-6 | |
| 000 | 01147oam2 2200313 450 | |
| 001 | 1259297527 | |
| 005 | 20090929095752.14 | |
| 010 | @a7-5444-0730-6@dCNY22.00 | |
| 100 | @a20061127d2006 em y0chiy50 ea | |
| 101 | 0 | @achi |
| 102 | @aCN@b310000 | |
| 105 | @ay z 000yy | |
| 106 | @ar | |
| 200 | 1 | @a意识心理学@dConsciousness psychology@f霍涌泉著@zeng@Ayi shi xin li xue |
| 210 | @a上海@c上海教育出版社@d2006 | |
| 215 | @a22,359页@d21cm | |
| 225 | 2 | @a心理学新进展丛书 |
| 300 | @a陕西师范大学学术著作出版基金资助出版 | |
| 330 | @a本书阐述了意识心理学复兴的现状及特点、当代意识心理学研究复兴的背景、西方心理学研究意识的历程:百年回顾与反思、当代多学科范式的意识研究及其对心理学的启示、当代心理学对意识实质问题的研究进展、当代心理学意识研究的主要领域、当代心理学中的意识理论模型等内容。 | |
| 461 | 0 | @1001003287655 |
| 510 | 1 | @aConsciousness psychology@zeng |
| 606 | 0 | @a意识@x心理学 |
| 606 | 0 | @a意识 |
| 606 | 0 | @a心理学 |
| 690 | @aB842.7@v4 | |
| 690 | @aB84@v4 | |
| 701 | 0 | @a霍涌泉@f(1963~)@4著@Ahuo yong quan |
| 801 | 0 | @aCN@b大连网信软件有限公司图书馆·11@c20090929 |
| 905 | @a10447@dB84@eJY332 | |
| 意识心理学=Consciousness psychology/霍涌泉著.-上海:上海教育出版社,2006 |
| 22,359页;21cm .-(心理学新进展丛书 ) |
| 陕西师范大学学术著作出版基金资助出版 |
| ISBN 7-5444-0730-6:CNY22.00 |
| 本书阐述了意识心理学复兴的现状及特点、当代意识心理学研究复兴的背景、西方心理学研究意识的历程:百年回顾与反思、当代多学科范式的意识研究及其对心理学的启示、当代心理学对意识实质问题的研究进展、当代心理学意识研究的主要领域、当代心理学中的意识理论模型等内容。 |
| ● |
| 相关链接 |
|
|
|
|
正题名:意识心理学
索取号:B84/JY332
 
预约/预借
| 序号 | 登录号 | 条形码 | 馆藏地/架位号 | 状态 | 备注 |
| 1 | 7804011 | 278040111 | 学院路分馆/ [索取号:B84/JY332] | 在馆 | |
| 2 | 7804012 | 278040120 | 学院路分馆/ [索取号:B84/JY332] | 在馆 | |
| 3 | 7804013 | 278040139 | 学院路分馆/ [索取号:B84/JY332] | 在馆 |